000 00653nam a2200241Ia 4500
003 OSt
005 20221007074148.0
006 a|||||r|||| 00| 0
007 ta
008 221006b |||||||| |||| 00| 0 eng d
024 _a25,869
037 _cTextual
040 _aFLL
_cFLL
_beng
041 _2eng
_aeng
082 _aZ2:83, G6
100 _aAiyar B.V. Viswanatha
_9692620
245 0 _aLaw of court fees in British India
250 _a2nd
260 _aMadras
_bThe Madras Law Journal Office India
_c1936
300 _axliv,1-801p
_ccm.
942 _hZ2:83, G6
_cTEXL
_2CC
999 _c1151389
_d1151389